| 000 | 00970naa a2200265 c 4500 | ||
|---|---|---|---|
| 001 | 42221 | ||
| 003 | ES-MaCES | ||
| 005 | 20111024121300.0 | ||
| 008 | 111024n2011 sp t 000 | spa d | ||
| 035 | _aCES20110011136v | ||
| 040 |
_aES-MaCES _bspa _cES-MaCES |
||
| 100 | 1 |
_aValdés Dal-Ré, Fernando _925408 |
|
| 245 | 1 | 0 |
_aPrincipio de igualdad y pensión de viudedad _b: una relación en conflicto / (I) _cFernando Valdés Dal-Ré |
| 650 | 4 |
_asentencia judicial _929888 |
|
| 650 | 4 |
_atribunal constitucional _927194 |
|
| 650 | 4 |
_alegislación de seguridad social _929855 |
|
| 650 | 4 |
_apareja de hecho _931473 |
|
| 650 | 4 |
_aajuste de prestaciones _930243 |
|
| 650 | 4 |
_arégimen de pensión _927042 |
|
| 653 | 1 | 0 | _aJurisprudencia |
| 773 | 0 |
_tRelaciones laborales _gaño 27, n. 18 (15 sept. 2011){10194 R. 080084}; p. 1-10 _w(ES-MaCES)25210 _943124 |
|
| 902 | _aART Artículo de revista | ||
| 942 |
_2CES _cAR _h6.2. |
||
| 999 |
_c42221 _d42221 |
||